[Event "Lichtenberger Sommer 2018"]
[Site "?"]
[Date "2018.08.24"]
[Round "7.19"]
[White "Bonnez, Finn"]
[Black "Daverkausen, Bernd"]
[Result "1/2-1/2"]
[WhiteElo "1946"]
[BlackElo "2132"]
[PlyCount "95"]
[EventDate "2018.??.??"]
[WhiteTeam "Norrebro Chessclub"]
[BlackTeam "Kölner SK Dr. Lasker"]

1. d4 Nf6 2. Nf3 g6 3. e3 Bg7 4. Bd3 O-O 5. Nbd2 d6 6. b3 Nbd7 7. Bb2 e5 8. O-O
Re8 9. dxe5 dxe5 10. e4 Nh5 11. Re1 Nc5 12. Bf1 Nf4 13. a4 f6 14. b4 Na6 15.
Ba3 Bf8 16. Qb1 Be6 17. Rd1 Qc8 18. Ne1 c5 19. b5 Nc7 20. Nc4 Bxc4 21. Bxc4+
Kg7 22. Qb3 Nce6 23. Qe3 Ng5 24. h4 Nf7 25. Bf1 Qg4 26. g3 Nd6 27. Kh2 Red8 28.
gxf4 Qxh4+ 29. Qh3 Qxf2+ 30. Bg2 Qxf4+ 31. Qg3 Qxg3+ 32. Kxg3 Nc4 33. Rxd8 Rxd8
34. Bf3 Nxa3 35. Rxa3 c4 36. Ra1 Bb4 37. Kf2 Rd2+ 38. Ke3 Rh2 39. Ng2 Bc5+ 40.
Ke2 g5 41. Rd1 g4 42. Rd7+ Kg6 43. Bxg4 Rxg2+ 44. Kf3 Rxc2 45. Bf5+ Kg5 46.
Rg7+ Kh5 47. Rxh7+ Kg5 48. Rg7+ 1/2-1/2

[Event "Lichtenberger Sommer 2018"]
[Site "?"]
[Date "2018.08.24"]
[Round "7.20"]
[White "Eberlein, Johann"]
[Black "Meyer-Dunker, Paul"]
[Result "1-0"]
[WhiteElo "1936"]
[BlackElo "2017"]
[PlyCount "59"]
[EventDate "2018.??.??"]
[WhiteTeam "BSV 63 Chemie Weißensee"]
[BlackTeam "SC Friesen Lichtenberg"]

1. Nc3 d5 2. e4 d4 3. Nce2 e5 4. Ng3 Be6 5. c3 c5 6. Bb5+ Nc6 7. Nf3 Bd6 8. O-O
f6 9. cxd4 cxd4 10. d3 Nge7 11. Bd2 Qd7 12. Ba4 g5 13. Bb3 O-O-O 14. Nh5 Rdf8
15. Bxe6 Qxe6 16. Qb3 Qd7 17. Rac1 Rhg8 18. Rc2 Rg6 19. Rfc1 Kb8 20. a3 Ka8 21.
Bb4 Nxb4 22. axb4 Qg4 23. b5 Qxh5 24. Qe6 g4 25. Qxe7 Rgg8 26. Qxd6 Rb8 27. Nd2
Qf7 28. Nc4 b6 29. Qc6+ Rb7 30. Nd6 1-0

[Event "Lichtenberger Sommer 2018"]
[Site "?"]
[Date "2018.08.24"]
[Round "7.21"]
[White "Freundorfer, Josef"]
[Black "Schäfer, Heiko"]
[Result "1/2-1/2"]
[WhiteElo "2147"]
[BlackElo "1978"]
[PlyCount "82"]
[EventDate "2018.??.??"]
[WhiteTeam "MTV Ingolstadt"]
[BlackTeam "Potsdamer SV"]

1. e4 e6 2. d4 d5 3. Nc3 Bb4 4. e5 c5 5. Qg4 Ne7 6. dxc5 Nbc6 7. Bd2 O-O 8.
O-O-O b6 9. Bd3 Ng6 10. Nf3 Bxc5 11. Qh5 Nce7 12. h4 Bxf2 13. Rhf1 Bg3 14. Ng5
h6 15. Nxf7 Rxf7 16. Rxf7 Kxf7 17. Qf3+ Nf5 18. Bxf5 exf5 19. h5 Nxe5 20. Qxg3
Ng4 21. Nb5 Be6 22. Re1 Bd7 23. Nd6+ Kg8 24. Qd3 Nf6 25. Nxf5 Bxf5 26. Qxf5 Rc8
27. Re6 Ne4 28. Bxh6 Qc7 29. c3 Nxc3 30. bxc3 Qxc3+ 31. Kd1 Qa1+ 32. Ke2 Qxa2+
33. Bd2 Qc4+ 34. Kd1 Rf8 35. Qh3 d4 36. Re1 Qa4+ 37. Kc1 Qa1+ 38. Kc2 Qa2+ 39.
Kc1 Qa1+ 40. Kc2 Qa2+ 41. Kc1 Qa1+ 1/2-1/2

[Event "Lichtenberger Sommer 2018"]
[Site "?"]
[Date "2018.08.24"]
[Round "7.22"]
[White "Plaza Reino, Agustin"]
[Black "Schliebener, Stephan"]
[Result "0-1"]
[WhiteElo "1944"]
[BlackElo "2131"]
[PlyCount "56"]
[EventDate "2018.??.??"]
[WhiteTeam "Enniscorthy Chess Club"]
[BlackTeam "BSV 63 Chemie Weißensee"]

1. e4 c5 2. Nf3 e6 3. d4 cxd4 4. Nxd4 a6 5. Bd3 Nf6 6. Qe2 d6 7. c4 Be7 8. Nc3
e5 9. Nc2 O-O 10. Ne3 Nc6 11. Ned5 Nd4 12. Qd1 Nxd5 13. Nxd5 Bg5 14. O-O Bxc1
15. Qxc1 Be6 16. Ne3 Rc8 17. Qd2 Qg5 18. Kh1 g6 19. Rad1 Qh4 20. b3 f5 21. exf5
gxf5 22. Nc2 f4 23. Nxd4 exd4 24. g3 Qh3 25. gxf4 Qf3+ 26. Kg1 Kh8 27. Bg6 Rxf4
28. Bh5 Rg8+ 0-1

[Event "Lichtenberger Sommer 2018"]
[Site "?"]
[Date "2018.08.24"]
[Round "7.23"]
[White "Joppien, Arne"]
[Black "Segerberg, Tomas"]
[Result "1-0"]
[WhiteElo "1921"]
[BlackElo "2101"]
[PlyCount "149"]
[EventDate "2018.??.??"]
[WhiteTeam "TSV Cadenberge"]
[BlackTeam "SG NARVA Berlin"]

1. d4 e6 2. e4 d5 3. Nc3 Bb4 4. exd5 exd5 5. Nf3 Ne7 6. Be2 Nbc6 7. O-O Bf5 8.
Bg5 f6 9. Bf4 Bd6 10. Bxd6 Qxd6 11. a3 O-O-O 12. b4 g5 13. Na4 Ng6 14. c3 Nf4
15. Nc5 Nb8 16. Re1 Nxe2+ 17. Qxe2 b6 18. Nb3 Bd7 19. b5 Rde8 20. Qd3 h5 21. a4
h4 22. a5 Qf4 23. axb6 axb6 24. c4 Bf5 25. Qc3 dxc4 26. Nbd2 Rxe1+ 27. Nxe1 Bd3
28. Nxc4 Bxc4 29. Qxc4 Re8 30. Nc2 h3 31. gxh3 Qe4 32. Ne3 Rd8 33. Rc1 Rd7 34.
Rd1 Kb7 35. Ng4 Qf4 36. Qd3 Rd6 37. Ne3 Nd7 38. Ng2 Ne5 39. Nxf4 Nxd3 40. Nxd3
Rd5 41. Rb1 Rxd4 42. Rb3 c6 43. bxc6+ Kxc6 44. Kf1 b5 45. Ke2 Rh4 46. Nb4+ Kc5
47. Nd3+ Kc6 48. Ne1 Kc5 49. Nc2 f5 50. Rc3+ Kb6 51. Rg3 f4 52. Rxg5 Rxh3 53.
Nd4 Rxh2 54. Rxb5+ Kc7 55. Rf5 Kd6 56. Nf3 Rh1 57. Rxf4 Ke6 58. Ke3 Ra1 59.
Re4+ Kf6 60. Nd4 Ra2 61. f3 Ra3+ 62. Kf4 Ra5 63. Re6+ Kf7 64. Rb6 Ra4 65. Ke5
Ra5+ 66. Rb5 Ra4 67. f4 Ra1 68. Rb7+ Ke8 69. f5 Re1+ 70. Kf6 Rf1 71. Re7+ Kf8
72. Ne6+ Kg8 73. Re8+ Kh7 74. Ng5+ Kh6 75. Rh8# 1-0

[Event "Lichtenberger Sommer 2018"]
[Site "?"]
[Date "2018.08.24"]
[Round "7.24"]
[White "Tschernatsch, Johannes"]
[Black "Jeremic, Dusan"]
[Result "0-1"]
[WhiteElo "1714"]
[BlackElo "2123"]
[PlyCount "114"]
[EventDate "2018.??.??"]
[WhiteTeam "USV Potsdam"]
[BlackTeam "SF 1903 Berlin"]

1. e4 e5 2. Nf3 Nc6 3. Bb5 a6 4. Ba4 Nf6 5. O-O Be7 6. Re1 b5 7. Bb3 O-O 8. h3
Bb7 9. d3 d6 10. c3 Na5 11. Bc2 c5 12. Nbd2 g6 13. d4 Qc7 14. Nf1 Nh5 15. g4
Ng7 16. Ng3 Ne6 17. Bh6 Rfe8 18. d5 Nf4 19. Qc1 Nxh3+ 20. Kg2 Nf4+ 21. Bxf4
exf4 22. Qxf4 Bf8 23. Rh1 Nc4 24. Rh2 f6 25. Rah1 Re7 26. Qxf6 Rf7 27. Qg5 Qe7
28. Qxe7 Bxe7 29. b3 Nb6 30. Ne1 Raf8 31. f4 Bf6 32. Ne2 Re8 33. Kg3 g5 34. e5
gxf4+ 35. Kf2 Rxe5 36. Bxh7+ Kf8 37. Bg6 Rg7 38. Nxf4 Nxd5 39. Rh8+ Ke7 40. Rb8
Bc6 41. Nxd5+ Bxd5 42. Re8+ Kd7 43. Rxe5 Bxe5 44. Bf5+ Kc6 45. Rh2 Bf7 46. Ke2
d5 47. Kd2 b4 48. c4 Bc3+ 49. Kd1 Bg6 50. Bxg6 Rxg6 51. Rg2 Rh6 52. Rg1 Rh2 53.
Nc2 a5 54. a3 a4 55. bxa4 b3 56. Kc1 Rxc2+ 57. Kd1 Rd2+ 0-1

[Event "Lichtenberger Sommer 2018"]
[Site "?"]
[Date "2018.08.24"]
[Round "7.25"]
[White "Bartoszewski-Reiski, Olaf"]
[Black "Heuser, Philip"]
[Result "0-1"]
[WhiteElo "1873"]
[BlackElo "2049"]
[PlyCount "66"]
[EventDate "2018.??.??"]
[WhiteTeam "Korona Gdansk"]
[BlackTeam "Münchener SC"]

1. e4 c6 2. Nf3 d5 3. Nc3 dxe4 4. Nxe4 Nd7 5. d4 Ngf6 6. Bd3 Nxe4 7. Bxe4 Nf6
8. Bd3 Bg4 9. c3 Qd5 10. Qe2 e6 11. Bf4 Rd8 12. Bc4 Bxf3 13. gxf3 Qf5 14. Be5
Bd6 15. Bd3 Qh5 16. Bxf6 gxf6 17. O-O-O Rg8 18. Rde1 Rg2 19. Bc4 Kd7 20. Kb1
Qh4 21. Rhg1 Rxf2 22. Bxe6+ Kc7 23. Qc4 fxe6 24. Rg7+ Kb8 25. Qxe6 Qxh2 26. Qb3
Bc7 27. a4 Rg2 28. Rxg2 Qxg2 29. Re7 Qf1+ 30. Ka2 Qxf3 31. Rxh7 Qd5 32. c4 Qxd4
33. a5 Qd3 0-1

[Event "Lichtenberger Sommer 2018"]
[Site "?"]
[Date "2018.08.24"]
[Round "7.26"]
[White "Rohde, Wolfgang"]
[Black "Bender, Sebastian"]
[Result "1/2-1/2"]
[WhiteElo "2085"]
[BlackElo "1896"]
[PlyCount "85"]
[EventDate "2018.??.??"]
[WhiteTeam "SC Friesen Lichtenberg"]
[BlackTeam "SC Zugzwang 95 (Berlin)"]

1. Nf3 Nf6 2. c4 g6 3. Nc3 Bg7 4. g3 O-O 5. Bg2 d6 6. O-O Nc6 7. d4 e5 8. dxe5
Nxe5 9. Nxe5 dxe5 10. Qxd8 Rxd8 11. Bg5 Rd4 12. Nd5 Nxd5 13. cxd5 e4 14. Rad1
f5 15. b3 Bd7 16. Be3 Rxd1 17. Rxd1 Be5 18. f3 exf3 19. Bxf3 Bd6 20. Rc1 Kf7
21. Bd4 a5 22. Kg2 a4 23. b4 a3 24. Bc5 Ke7 25. e4 fxe4 26. Re1 Bf5 27. g4 Kd7
28. gxf5 exf3+ 29. Kxf3 Rf8 30. Bxd6 Kxd6 31. Re3 Rxf5+ 32. Kg3 Rg5+ 33. Kf2
Rxd5 34. Rxa3 Rd2+ 35. Kg3 Rb2 36. Rd3+ Kc6 37. a3 Re2 38. h4 Re4 39. Rf3 Re7
40. a4 Kb6 41. Rf4 c6 42. Rd4 Rc7 43. Rd6 1/2-1/2

[Event "Lichtenberger Sommer 2018"]
[Site "?"]
[Date "2018.08.24"]
[Round "7.27"]
[White "Alten, Silvio"]
[Black "Nohr, Jonas"]
[Result "1/2-1/2"]
[WhiteElo "1899"]
[BlackElo "2100"]
[PlyCount "104"]
[EventDate "2018.??.??"]
[WhiteTeam "SV Mattnetz Berlin"]
[BlackTeam "Königsjäger Süd-West"]

1. e4 e6 2. d4 d5 3. exd5 exd5 4. Bd3 Nf6 5. h3 Bd6 6. Nf3 Qe7+ 7. Be3 O-O 8.
O-O Ne4 9. Re1 f5 10. c4 c6 11. Nc3 Nxc3 12. bxc3 Qc7 13. c5 Be7 14. Qd2 b6 15.
Bf4 Qd8 16. Qe2 Rf7 17. Bxb8 Rxb8 18. Ne5 Rf6 19. Nxc6 Rxc6 20. Qxe7 Qxe7 21.
Rxe7 bxc5 22. Rxa7 c4 23. Bc2 Rb2 24. Bd1 Rcb6 25. Kf1 f4 26. Ra8 Rb8 27. Rxb8
Rxb8 28. Bf3 Rb5 29. a4 Ra5 30. Rb1 Bf5 31. Rb5 Bd3+ 32. Be2 Rxa4 33. Bxd3 cxd3
34. Ke1 Ra2 35. Rxd5 Re2+ 36. Kd1 Rxf2 37. Rf5 g6 38. Rg5 Kf7 39. h4 Kf6 40.
Rg4 h6 41. g3 g5 42. hxg5+ hxg5 43. gxf4 gxf4 44. d5 Ke5 45. Rg5+ Kd6 46. Rf5
f3 47. c4 d2 48. Rf8 Ke7 49. Rf4 Kd6 50. Rf8 Ke7 51. Rf4 Kd6 52. Rf8 Ke7
1/2-1/2

[Event "Lichtenberger Sommer 2018"]
[Site "?"]
[Date "2018.08.24"]
[Round "7.28"]
[White "Seitz, Patrick"]
[Black "Bauder, Herbert"]
[Result "1-0"]
[WhiteElo "1998"]
[BlackElo "1886"]
[PlyCount "101"]
[EventDate "2018.??.??"]
[WhiteTeam "SC Böblingen"]
[BlackTeam "Lasker Steglitz-Wilmersdorf"]

1. e4 c5 2. Nf3 Nc6 3. d4 cxd4 4. Nxd4 Nf6 5. Nc3 e5 6. Ndb5 d6 7. Bg5 a6 8.
Na3 b5 9. Bxf6 gxf6 10. Nd5 Bg7 11. c3 f5 12. Bd3 O-O 13. exf5 e4 14. Bxe4 Re8
15. f3 Bxf5 16. O-O Bxe4 17. fxe4 Rxe4 18. Qf3 Re8 19. Qxf7+ Kh8 20. Nc2 Ra7
21. Qh5 Re5 22. Qf3 Rg5 23. h4 Rg6 24. Nf4 Qb6+ 25. Qe3 Qxe3+ 26. Nxe3 Rf6 27.
a4 b4 28. Ned5 Rh6 29. Rae1 Be5 30. cxb4 Bd4+ 31. Kh2 Rxh4+ 32. Kg3 Rxf4 33.
Re8+ Kg7 34. Nxf4 Be5 35. Kg4 Kf7 36. Rc8 Nd4 37. Rc7+ Rxc7 38. Nd5+ Kg6 39.
Nxc7 h5+ 40. Kh3 Kg5 41. g3 Ne2 42. Ne6+ Kg6 43. Nf4+ Nxf4+ 44. gxf4 Bxb2 45.
b5 axb5 46. axb5 Bd4 47. Rd1 Bc5 48. b6 Kf5 49. b7 Ba7 50. Rxd6 Kxf4 51. Ra6
1-0

[Event "Lichtenberger Sommer 2018"]
[Site "?"]
[Date "2018.08.24"]
[Round "7.29"]
[White "Weber, Gerald"]
[Black "Elsing, Jan"]
[Result "0-1"]
[WhiteElo "1714"]
[BlackElo "2129"]
[PlyCount "82"]
[EventDate "2018.??.??"]
[WhiteTeam "SSV Rotation Berlin"]
[BlackTeam "SC Friesen Lichtenberg"]

1. c4 e5 2. g3 d5 3. Bg2 d4 4. d3 Nf6 5. a3 c5 6. Nd2 Nc6 7. Ngf3 h6 8. O-O Bd6
9. h3 O-O 10. Re1 a5 11. Nf1 Be6 12. N3d2 Qd7 13. Kh2 Bf5 14. g4 Bg6 15. Ng3 e4
16. Ndxe4 Nxe4 17. Bxe4 Bxe4 18. dxe4 Qe6 19. Qc2 Ne5 20. f4 Nxc4 21. Qd3 Nb6
22. e5 Be7 23. Nf5 Rfd8 24. Nxe7+ Qxe7 25. Qg3 c4 26. Bd2 Qc5 27. Rac1 Qb5 28.
Red1 Rd5 29. Rb1 Rad8 30. Qe1 Na4 31. Rdc1 Nxb2 32. Bxa5 Rc8 33. Bb4 Na4 34.
Bd6 Qc6 35. Rb4 b5 36. e4 dxe3 37. Qxe3 Rd3 38. Qf2 Qd5 39. Rc2 Nc3 40. Qg2 Qd4
41. Rbb2 Qxf4+ 0-1

[Event "Lichtenberger Sommer 2018"]
[Site "?"]
[Date "2018.08.24"]
[Round "7.30"]
[White "Groß, Thorsten"]
[Black "Jecht, Christian"]
[Result "1/2-1/2"]
[WhiteElo "2170"]
[BlackElo "1914"]
[PlyCount "62"]
[EventDate "2018.??.??"]
[WhiteTeam "SC Weisse Dame (Berlin)"]
[BlackTeam "SC Bavaria Regensburg von 1881"]

1. c4 Nf6 2. Nc3 e6 3. g3 d5 4. d4 c5 5. cxd5 Nxd5 6. Nxd5 Qxd5 7. Nf3 Nc6 8.
dxc5 Qxd1+ 9. Kxd1 Bxc5 10. e3 O-O 11. Bd2 e5 12. Rc1 Be7 13. h3 Rd8 14. e4 Be6
15. Bc4 Bxc4 16. Rxc4 Rd3 17. Ke2 Rad8 18. Be3 f6 19. Rhc1 R3d7 20. a3 Na5 21.
Rc7 Nc6 22. Rxd7 Rxd7 23. Rc4 Kf7 24. Ne1 a6 25. Nd3 Nd8 26. f4 Bd6 27. Bb6 Nc6
28. Ke3 g6 29. Bc5 Ke7 30. Bb6 Ke6 31. Rc1 h5 1/2-1/2

[Event "Lichtenberger Sommer 2018"]
[Site "?"]
[Date "2018.08.24"]
[Round "7.31"]
[White "Poseck, Steffen"]
[Black "Barskij, Aleksandr"]
[Result "0-1"]
[WhiteElo "2052"]
[BlackElo "1890"]
[PlyCount "96"]
[EventDate "2018.??.??"]
[WhiteTeam "BSV 63 Chemie Weißensee"]
[BlackTeam "SV Unna"]

1. d4 Nf6 2. Bg5 d5 3. Nc3 c5 4. e4 Nxe4 5. Nxe4 dxe4 6. dxc5 Qa5+ 7. c3 Qxc5
8. Qa4+ Nc6 9. Be3 Qe5 10. Bb5 Bd7 11. O-O-O e6 12. Ne2 Bc5 13. Bf4 Qf5 14. h3
e5 15. Be3 Bxe3+ 16. fxe3 O-O 17. Rhf1 Qe6 18. Bc4 Qe7 19. Qb3 Be6 20. Bxe6
fxe6 21. Ng3 Na5 22. Qb5 Qg5 23. Rxf8+ Rxf8 24. Nf1 Qxg2 25. Nd2 b6 26. Qxe5
Qxh3 27. Rg1 g6 28. Rg5 Nb7 29. b4 Qxe3 30. Qxe6+ Kg7 31. Qe5+ Rf6 32. Rg3 Qf4
33. Qxf4 Rxf4 34. Re3 Nd6 35. c4 Nf5 36. Rxe4 Rxe4 37. Nxe4 Kf8 38. Kd2 Ke7 39.
Ke2 Nd6 40. Nd2 Ke6 41. Kf3 Ke5 42. c5 bxc5 43. bxc5 Nf5 44. Ne4 Nd4+ 45. Ke3
h6 46. Kd3 Nc6 47. Nd6 Kd5 48. Nf7 Ne5+ 0-1

[Event "Lichtenberger Sommer 2018"]
[Site "?"]
[Date "2018.08.24"]
[Round "7.32"]
[White "Dathe, Frederick"]
[Black "Grillich, Alexander"]
[Result "1-0"]
[WhiteElo "2007"]
[BlackElo "1941"]
[PlyCount "83"]
[EventDate "2018.??.??"]
[WhiteTeam "SC Kreuzberg"]
[BlackTeam "SC Rochade (Berlin)"]

1. Nf3 d5 2. g3 c6 3. Bg2 Nf6 4. O-O Nbd7 5. d4 e6 6. b3 Bd6 7. Bb2 O-O 8. Nbd2
Qc7 9. c4 Re8 10. Rc1 Qb8 11. Qc2 e5 12. cxd5 cxd5 13. dxe5 Nxe5 14. Nd4 Bd7
15. Rfd1 Nc6 16. Nf1 Be5 17. Ne3 Nxd4 18. Bxd4 Bxd4 19. Rxd4 Qe5 20. Rcd1 Bc6
21. R1d2 Ne4 22. Bxe4 dxe4 23. Nc4 Qe7 24. e3 f5 25. Nd6 Rf8 26. b4 a6 27. a4
h5 28. b5 axb5 29. axb5 Ra1+ 30. Rd1 Rxd1+ 31. Rxd1 Be8 32. Qc5 Bf7 33. Rc1 Be6
34. Qc7 Qf6 35. Qxb7 h4 36. Qc7 hxg3 37. hxg3 f4 38. exf4 g5 39. Nxe4 Qh6 40.
Rc5 gxf4 41. Rg5+ Kh8 42. Qe5+ 1-0

[Event "Lichtenberger Sommer 2018"]
[Site "?"]
[Date "2018.08.24"]
[Round "7.33"]
[White "Matitschka, Heinz"]
[Black "Sabrowski, Uwe"]
[Result "1-0"]
[WhiteElo "1938"]
[BlackElo "2106"]
[PlyCount "70"]
[EventDate "2018.??.??"]
[WhiteTeam "TSG Oberschöneweide"]
[BlackTeam "SC Friesen Lichtenberg"]

1. d4 f5 2. c4 Nf6 3. Nc3 d6 4. Bg5 Nbd7 5. Qc2 g6 6. O-O-O Bg7 7. h4 h6 8. Bd2
e5 9. dxe5 Nxe5 10. Nh3 Be6 11. Nf4 Qd7 12. Nxe6 Qxe6 13. e4 O-O-O 14. exf5
gxf5 15. Re1 Qd7 16. f4 Nc6 17. Bd3 Nd4 18. Qa4 Qxa4 19. Nxa4 Ng4 20. Rhf1 Rde8
21. Nc3 Bf6 22. Nb5 Rxe1+ 23. Rxe1 Rf8 24. Nxd4 Bxd4 25. Re6 Kd7 26. Rg6 h5 27.
Be2 Ne3 28. Bxh5 Nxc4 29. Bc3 Be3+ 30. Kc2 Bxf4 31. Bf3 Rf7 32. h5 Rh7 33. Rg7+
Rxg7 34. Bxg7 Ne3+ 35. Kd3 Ng4 1-0

[Event "Lichtenberger Sommer 2018"]
[Site "?"]
[Date "2018.08.24"]
[Round "7.34"]
[White "Hahlbohm, Matthias"]
[Black "Kievelitz, Bernd"]
[Result "1-0"]
[WhiteElo "2112"]
[BlackElo "1868"]
[PlyCount "55"]
[EventDate "2018.??.??"]
[WhiteTeam "TSG Oberschöneweide"]
[BlackTeam "SC Zitadelle Spandau"]

1. e4 c5 2. Nf3 e6 3. c3 d5 4. e5 Qb6 5. d4 Nc6 6. a3 a5 7. Bd3 Bd7 8. Bc2 Rc8
9. O-O Nh6 10. Re1 Nf5 11. g4 Nh6 12. h3 Be7 13. Kg2 c4 14. Nbd2 Qd8 15. Nf1
Ng8 16. Ng3 g6 17. g5 h5 18. gxh6 Nxh6 19. Bxh6 Rxh6 20. Qd2 Rh8 21. h4 Kf8 22.
Rh1 Be8 23. Qf4 f5 24. exf6 Bxf6 25. Ng5 Qe7 26. Rae1 Nd8 27. Qg4 Rc6 28. f4
1-0

[Event "Lichtenberger Sommer 2018"]
[Site "?"]
[Date "2018.08.24"]
[Round "7.35"]
[White "Guder, Sibylle"]
[Black "Silz, Elisa"]
[Result "1/2-1/2"]
[WhiteElo "1794"]
[BlackElo "2002"]
[PlyCount "108"]
[EventDate "2018.??.??"]
[WhiteTeam "SF 1903 Berlin"]
[BlackTeam "SV Empor Berlin"]

1. e4 c5 2. Nc3 d6 3. f4 g6 4. Nf3 Bg7 5. Bb5+ Bd7 6. Bxd7+ Qxd7 7. O-O Nc6 8.
d3 e6 9. f5 gxf5 10. exf5 Nge7 11. fxe6 fxe6 12. Ng5 Ne5 13. Qh5+ N7g6 14. Bf4
O-O-O 15. Bxe5 Nxe5 16. Qh3 Rde8 17. a4 Qe7 18. Nge4 Kb8 19. Ne2 Nc6 20. c3
Rhf8 21. Nd2 d5 22. Rae1 Rf6 23. Rxf6 Bxf6 24. Nf3 e5 25. Nf4 Qf7 26. Nh5 Bd8
27. Ng3 Bc7 28. Qf5 Qxf5 29. Nxf5 Rf8 30. Ng3 Rf4 31. b3 b6 32. Nh5 Rf7 33. Ng3
h6 34. Re2 Kb7 35. Nd2 d4 36. Nge4 dxc3 37. Nxc3 Nb4 38. Nde4 Rd7 39. Nf2 a6
40. g3 Rd4 41. Rd2 Kc6 42. Kf1 b5 43. axb5+ axb5 44. Ke2 Bd8 45. Nce4 Be7 46.
Ng4 Nxd3 47. Rxd3 Rxe4+ 48. Kf3 Re1 49. Kf2 Re4 50. Kf3 Rd4 51. Nxe5+ Kd5 52.
Rxd4+ cxd4 53. Nd3 Bd6 54. h3 h5 1/2-1/2

[Event "Lichtenberger Sommer 2018"]
[Site "?"]
[Date "2018.08.24"]
[Round "7.36"]
[White "Kutschke, Jens"]
[Black "Miowitz, Torsten"]
[Result "0-1"]
[WhiteElo "1984"]
[BlackElo "1858"]
[PlyCount "114"]
[EventDate "2018.??.??"]
[WhiteTeam "SF 1903 Berlin"]
[BlackTeam "Lasker Steglitz-Wilmersdorf"]

1. e4 c6 2. d4 d5 3. e5 Bf5 4. Bd3 Bxd3 5. Qxd3 e6 6. Ne2 Qa5+ 7. c3 Qa6 8.
Qxa6 Nxa6 9. O-O c5 10. a3 Ne7 11. f4 g6 12. Be3 Nf5 13. Bf2 h5 14. b4 c4 15.
a4 Rc8 16. Na3 Nb8 17. Nc2 Be7 18. a5 Kf8 19. Ne3 Nxe3 20. Bxe3 Bd8 21. g3 Nc6
22. h3 Ne7 23. Kg2 Nf5 24. Bf2 Kg7 25. Rh1 Be7 26. Ng1 g5 27. Ne2 Rcg8 28. Kf3
gxf4 29. Nxf4 Kf8 30. Rag1 Ke8 31. g4 hxg4+ 32. hxg4 Ng7 33. Rxh8 Rxh8 34. Rg3
Bg5 35. Be3 Rh2 36. Rh3 Bxf4 37. Rxh2 Bxh2 38. Kg2 Bxe5 39. dxe5 a6 40. Bh6 Kf8
41. Kf3 Kg8 42. Ke3 f5 43. exf6 Ne8 44. Kd4 Nxf6 45. Kc5 Ne4+ 46. Kb6 Nxc3 47.
Kxb7 d4 48. Kxa6 d3 49. Bd2 Na4 50. b5 c3 51. Bxc3 Nxc3 52. b6 Ne4 53. Ka7 Nc5
54. a6 d2 55. b7 Nd7 56. b8=Q+ Nxb8 57. Kxb8 d1=Q 0-1

[Event "Lichtenberger Sommer 2018"]
[Site "?"]
[Date "2018.08.24"]
[Round "7.37"]
[White "Jaeger, Andre"]
[Black "Jugert, Ole"]
[Result "1-0"]
[WhiteElo "1974"]
[BlackElo "1650"]
[PlyCount "119"]
[EventDate "2018.??.??"]
[WhiteTeam "SC Rochade (Berlin)"]
[BlackTeam "vereinslos"]

1. d4 d5 2. c4 e6 3. Nc3 c6 4. cxd5 exd5 5. Qc2 Na6 6. a3 Bd6 7. Nf3 Bg4 8. Bg5
Qc7 9. e3 Ne7 10. Bd3 h6 11. Bh4 Qd7 12. Bg3 Bxg3 13. hxg3 Bf5 14. Ne5 Bxd3 15.
Nxd3 Ng6 16. b4 Rc8 17. Qb3 b5 18. O-O O-O 19. a4 Nc7 20. Nc5 Qe7 21. axb5 Nxb5
22. Nxb5 cxb5 23. Ra5 Rfd8 24. Rfa1 Rc7 25. Rxb5 Nf8 26. Rba5 Ne6 27. Qa4 Nxc5
28. bxc5 Rdd7 29. c6 Rd6 30. Ra6 h5 31. Kh2 h4 32. g4 Qg5 33. Rxa7 Rdxc6 34.
Rxc7 Rxc7 35. Qe8+ Kh7 36. Qe5 Qxe5+ 37. dxe5 g5 38. Rd1 Rd7 39. f4 Kg6 40. f5+
Kg7 41. g3 hxg3+ 42. Kxg3 Rd8 43. Rd4 f6 44. e6 Kf8 45. e4 Ke7 46. Rxd5 Ra8 47.
Rd7+ Ke8 48. Rf7 Ra3+ 49. Kf2 Ra2+ 50. Ke3 Ra3+ 51. Kd2 Ra2+ 52. Kc3 Ra3+ 53.
Kb2 Rg3 54. Rxf6 Rxg4 55. Rg6 Rxe4 56. Rxg5 Re5 57. Kc3 Ke7 58. Kd4 Kf6 59.
Rg6+ Kxf5 60. Rg5+ 1-0

[Event "Lichtenberger Sommer 2018"]
[Site "?"]
[Date "2018.08.24"]
[Round "7.39"]
[White "Neuwald, Volker"]
[Black "Heppert, Lars"]
[Result "0-1"]
[WhiteElo "1786"]
[BlackElo "1925"]
[PlyCount "74"]
[EventDate "2018.??.??"]
[WhiteTeam "SK Ottenau"]
[BlackTeam "SK Neuburg"]

1. c4 e5 2. Nc3 Nc6 3. Nf3 g6 4. g3 Bg7 5. Bg2 Nge7 6. O-O O-O 7. Rb1 a5 8. d3
d6 9. Bd2 Nd4 10. Ne1 c6 11. e3 Ne6 12. a3 d5 13. cxd5 cxd5 14. Qb3 Nc5 15. Qc2
b6 16. Nb5 a4 17. Bb4 Bd7 18. Bxc5 bxc5 19. Nc3 Bc6 20. Nf3 Qa5 21. Nd2 Rfb8
22. Rfc1 f5 23. Bf3 e4 24. dxe4 fxe4 25. Be2 Nf5 26. Na2 Be8 27. Nc3 Bf7 28.
Bd1 d4 29. exd4 e3 30. Nf3 cxd4 31. Ne4 exf2+ 32. Kxf2 Ne3 33. Qd3 Nxd1+ 34.
Qxd1 Bd5 35. Nfd2 Rf8+ 36. Kg1 d3 37. Rc5 Bd4+ 0-1

[Event "Lichtenberger Sommer 2018"]
[Site "?"]
[Date "2018.08.24"]
[Round "7.40"]
[White "Ho, Ngoc Hai-Dang"]
[Black "Lange, Cecilia"]
[Result "0-1"]
[WhiteElo "1582"]
[BlackElo "1959"]
[PlyCount "116"]
[EventDate "2018.??.??"]
[WhiteTeam "SV Mattnetz Berlin"]
[BlackTeam "TSG Oberschöneweide"]

1. e4 e6 2. d4 d5 3. exd5 exd5 4. Nf3 Nc6 5. Bd3 Bd6 6. O-O Nge7 7. Re1 O-O 8.
c3 Bf5 9. Ne5 Bxd3 10. Nxc6 Nxc6 11. Qxd3 Qh4 12. g3 Qh5 13. Kg2 f5 14. Qf3 Qf7
15. Bf4 Bxf4 16. Qxf4 Nd8 17. Qe5 a5 18. Qe7 Ra6 19. Qxf7+ Kxf7 20. f4 Rb6 21.
b3 Kf6 22. Nd2 Nf7 23. Nf3 Re6 24. Rxe6+ Kxe6 25. Re1+ Kd6 26. Ne5 Nh6 27. Kf3
Ng8 28. Re3 Nf6 29. h3 b6 30. a3 c5 31. b4 axb4 32. axb4 c4 33. Kg2 Ne4 34. g4
b5 35. gxf5 Rxf5 36. Rf3 Rf8 37. Ng4 Ra8 38. Nf2 Ra2 39. Kg1 Ra1+ 40. Kg2 Ra2
41. Kg1 Nf6 42. Ng4 Ng8 43. Rf2 Ra1+ 44. Kg2 Rc1 45. Rf3 Ke6 46. Kg3 h5 47.
Re3+ Kd6 48. Nf2 Ne7 49. Kg2 Rc2 50. Kf1 Nf5 51. Rf3 Ke6 52. Nd1 h4 53. Rf2
Ng3+ 54. Ke1 Rc1 55. Kd2 Ra1 56. Rf3 Ra2+ 57. Kc1 Kf5 58. Rf2 Ne2+ 0-1

[Event "Lichtenberger Sommer 2018"]
[Site "?"]
[Date "2018.08.24"]
[Round "7.41"]
[White "Krieger, Fabian"]
[Black "Birkholz, Axel"]
[Result "1/2-1/2"]
[WhiteElo "1936"]
[BlackElo "1858"]
[PlyCount "58"]
[EventDate "2018.??.??"]
[WhiteTeam "SV Mattnetz Berlin"]
[BlackTeam "SR Spaichingen"]

1. c4 e5 2. g3 Nf6 3. Bg2 d5 4. cxd5 Nxd5 5. Nc3 Nb6 6. Nf3 Nc6 7. O-O Be7 8.
Rb1 a5 9. d3 O-O 10. b3 Be6 11. Be3 f6 12. Ne4 Re8 13. Nc5 Bxc5 14. Bxc5 Nd5
15. Qd2 Qd7 16. Rfd1 Rad8 17. Qb2 b6 18. Ba3 Ndb4 19. Rbc1 Bd5 20. Ne1 Rc8 21.
Nc2 Nxc2 22. Qxc2 Nd4 23. Qd2 c5 24. Bb2 Rcd8 25. Re1 Nb5 26. Qc2 Bxg2 27. Kxg2
Qd5+ 28. f3 Nd4 29. Qc4 Kf7 1/2-1/2

[Event "Lichtenberger Sommer 2018"]
[Site "?"]
[Date "2018.08.24"]
[Round "7.42"]
[White "Schulz, Olaf"]
[Black "Schumacher, Gerhard"]
[Result "1-0"]
[WhiteElo "2014"]
[BlackElo "1759"]
[PlyCount "83"]
[EventDate "2018.??.??"]
[WhiteTeam "vereinslos"]
[BlackTeam "SG BVG Helmholz 55"]

1. d4 d6 2. Nf3 Nf6 3. c4 Nbd7 4. d5 g6 5. Nc3 Bg7 6. e4 O-O 7. Qc2 Ng4 8. h3
Nge5 9. Nxe5 Nxe5 10. f4 Nd7 11. Be3 a6 12. g4 e6 13. dxe6 fxe6 14. O-O-O Qe7
15. Bg2 Rb8 16. Rhf1 b5 17. cxb5 axb5 18. e5 Bb7 19. Bxb7 Rxb7 20. Qe4 Rfb8 21.
Qc6 b4 22. Ne4 d5 23. Ng5 Nf8 24. b3 h6 25. Nf3 Qd8 26. Nd4 Qc8 27. Nc2 Rb5 28.
Ba7 Qb7 29. Nd4 Qxc6+ 30. Nxc6 R8b7 31. Kb1 Nd7 32. Rc1 Bf8 33. Rc2 Bc5 34.
Bxc5 Nxc5 35. f5 R7b6 36. Nd4 Ra5 37. fxg6 Kg7 38. Rf7+ Kxg6 39. Rf6+ Kg7 40.
h4 Rba6 41. h5 Ra8 42. Rxc5 1-0